000 00347nam a2200145Ia 4500
005 20251222153649.0
008 251222s9999||||xx |||||||||||||| ||spa||
020 _a9163050692
082 _a616.343/E61
100 _aEngstrand, Lars
245 0 _aĂšlceras Bajo una Nueva Luz
250 _a1ra. ed.
264 _bSparre Medical AB
942 _cLIB
999 _c33025
_d33025